Az utazási motiváció és a személyiségjellemzők összefüggései
| Main Author: | |
|---|---|
| Other Authors: | |
| Format: | Thesis |
| Kulcsszavak: | Big Five utazási motivációk személyiségjellemzők utazási szokások a személyiség szerepe a turizmusban |
| Online Access: | http://dolgozattar.uni-bge.hu/2807 |
MARC
| LEADER | 00000nta a2200000 i 4500 | ||
|---|---|---|---|
| 001 | dolg2807 | ||
| 005 | 20150918123556.0 | ||
| 008 | 150512suuuu hu om 000 hun d | ||
| 040 | |a BGE Dolgozattár Repozitórium |b hun | ||
| 041 | |a hu | ||
| 100 | 1 | |a Mihályová Kristína | |
| 245 | 1 | 3 | |a Az utazási motiváció és a személyiségjellemzők összefüggései |c Mihályová Kristína |h [elektronikus dokumentum] |
| 695 | |a Big Five | ||
| 695 | |a utazási motivációk | ||
| 695 | |a személyiségjellemzők | ||
| 695 | |a utazási szokások | ||
| 695 | |a a személyiség szerepe a turizmusban | ||
| 700 | 1 | |a Nagy Dr. Éva |e ths | |
| 700 | 1 | |a Gombás Dr. Judit |e ths | |
| 856 | 4 | 0 | |u http://dolgozattar.uni-bge.hu/2807/1/Szakdolgozat.mihalyova.kristina.pdf |z Dokumentum-elérés |